000 01299naa a22003137a 4500
001 BR8105039
003 BR-BrBNA
005 20240918174820.0
007 ta
008 230509b bl.||||| |||| 00| 0 por d
040 _aBR-BrBNA
_bpor
_cBiblioteca Nacional de Agricultura
041 _a(Pt)
072 _aF10; P10
_b/GZ12
090 _aF10 BR8105039
100 1 _aRosa, R.B.G. da S.
111 1 _a4. Simposio Brasileiro de Hidrologia e Recursos Hidricos
_cFortaleza, CE (Brazil)
_d15 Nov 1981
245 1 _aMecanismos de salinizacao e enriquecimento isotopico no meio nao saturado, em clima semi-arido [agua, solo, evaporacao]
260 3 _aSao Paulo, SP (Brasil):
_c1981.
500 _aAnais do 4. Simposio Brasileiro de Hidrologia e Recursos Hidricos. v. 1: potencialidade e disponibilidade de recursos hidricos Sao Paulo, SP (Brasil): 1981. p. 720-734 (BR8105039-AM)F10
650 _aAGUA
650 _aSOLO
650 _aSALINIZACAO
650 _aISOTOPO
650 _aEVAPORACAO
650 _aZONA SEMI-ARIDA
773 0 _tAnais do 4. Simposio Brasileiro de Hidrologia e Recursos Hidricos. v. 1: potencialidade e disponibilidade de recursos hidricos
_wF10 BR8105039
_gSao Paulo, SP (Brasil), 1981. p. 720-734
909 _a202404
_bLucia
_c55
_dLucia Elande
942 _cAM
_2AGRIS
999 _c313770
_d313770